| 000 | 00620nam a2200241 a 4500 | ||
|---|---|---|---|
| 003 | DLC | ||
| 005 | 20210219152745.0 | ||
| 022 | _a0251-4664 | ||
| 035 | _aUPN01000060065 | ||
| 049 | _aUNE | ||
| 245 | 0 | 0 | _aEDUCACION SUPERIOR |
| 260 |
_aCaracas, Venezuela : _bUNESCO, Centro Regional para la Educación Superior en América Latina y el Caribe, _c1979 |
||
| 310 | _aCuatrimestral | ||
| 362 | 0 | _a1979-80 1 (2) | |
| 362 | 0 | _a1980 1 (3,4) | |
| 362 | 0 | _a1981 (5,6,7) | |
| 362 | 0 | _a1982 (8,9,10) | |
| 362 | 0 | _a1983 (11,12) | |
| 362 | 0 | _a1984 (16) | |
| 362 | 0 | _a1996 2 (3) | |
| 905 | _aRevista | ||
| 999 |
_c59908 _d59908 |
||